|
|
|
|
| LEADER |
00000nbm0a2200000 4500 |
| 001 |
333759 |
| 005 |
20240113064944.0 |
| 035 |
|
|
|a (RuTPU)RU\TPU\book\359772
|
| 035 |
|
|
|a RU\TPU\book\359773
|
| 090 |
|
|
|a 333759
|
| 100 |
|
|
|a 20170623j20170620k y0rusy50 ca
|
| 101 |
0 |
|
|a rus
|
| 102 |
|
|
|a RU
|
| 105 |
|
|
|a a m 001zy
|
| 200 |
1 |
|
|a Разработка изолирующей трековой мембраны на основе полиэтилентерефталата для лечения буллезной кератопатии
|e диссертация на соискание ученой степени кандидата технических наук
|e спец. 05.11.17
|f Е. О. Филиппова
|g Национальный исследовательский Томский политехнический университет (ТПУ) ; науч. рук. В. Ф. Пичугин
|
| 210 |
|
|
|a Томск
|c [Б. и.]
|d 2017
|
| 215 |
|
|
|a 203 л.
|c ил.
|
| 300 |
|
|
|a Защищена 20.06.2017 г.
|
| 320 |
|
|
|a Библиогр.: с. 157-179 (219 назв.)
|
| 452 |
|
1 |
|0 (RuTPU)RU\TPU\book\362238
|t Разработка изолирующей трековой мембраны на основе полиэтилентерефталата для лечения буллезной кератопатии
|o диссертация на соискание учёной степени кандидата технических наук
|o спец. 05.11.17
|f Е. О. Филиппова
|g Национальный исследовательский Томский политехнический университет (ТПУ) ; науч. рук. В. Ф. Пичугин
|c Томск
|d 2017
|a Филиппова, Екатерина Олеговна
|
| 606 |
1 |
|
|a Глазные болезни
|2 stltpush
|3 (RuTPU)RU\TPU\subj\7312
|9 35010
|
| 606 |
1 |
|
|a Мембраны полимерные
|2 stltpush
|3 (RuTPU)RU\TPU\subj\31762
|9 54530
|
| 610 |
1 |
|
|a буллезная кератопатия
|
| 610 |
1 |
|
|a лечение
|
| 610 |
1 |
|
|a хирургия
|
| 610 |
1 |
|
|a консервативные методы
|
| 610 |
1 |
|
|a трековые мембраны
|
| 610 |
1 |
|
|a стерильность
|
| 610 |
1 |
|
|a свойства
|
| 610 |
1 |
|
|a структура
|
| 610 |
1 |
|
|a ионизирующее облучение
|
| 610 |
1 |
|
|a воздействие
|
| 610 |
1 |
|
|a паровая стерилизация
|
| 610 |
1 |
|
|a медико-биологическое применение
|
| 610 |
1 |
|
|a диссертации
|
| 610 |
1 |
|
|a труды учёных ТПУ
|
| 675 |
|
|
|a 617(04)
|v 4
|
| 675 |
|
|
|a 66.081.6(04)
|v 4
|
| 686 |
|
|
|a 05.11.17
|2 oksvnk
|
| 700 |
|
1 |
|a Филиппова
|b Е. О.
|c физик
|c профессор Томского политехнического университета, доктор технических наук
|f 1988-
|g Екатерина Олеговна
|y Томск
|3 (RuTPU)RU\TPU\pers\37037
|9 20052
|
| 702 |
|
1 |
|a Пичугин
|b В. Ф.
|c российский физик
|c профессор Томского политехнического университета, доктор физико-математических наук
|f 1944-
|g Владимир Федорович
|3 (RuTPU)RU\TPU\pers\25824
|4 727
|
| 712 |
0 |
2 |
|a Национальный исследовательский Томский политехнический университет (ТПУ)
|c (2009- )
|3 (RuTPU)RU\TPU\col\15902
|
| 801 |
|
1 |
|a RU
|b 63413507
|c 20170623
|
| 801 |
|
2 |
|a RU
|b 63413507
|c 20171003
|g RCR
|
| 942 |
|
|
|c BK
|